000 00612nam a22001817a 4500
999 _c167050
_d167050
010 _aENG-126235
020 _a978-93-87393-10-3
_c795.00
035 _aEN-109767
037 _bDBAD/PUB
082 _a920
100 _aDeshwal,Rohit
245 _aBharat Ratna:
_bPt.Madan Mohan Malaviya/
_cby Rohit Deshwal
260 _aDelhi
_bKeshav Books
_c2019
270 _aF-7, Gali No.1, 3rd Floor, Panchsheel Garden Ext. Naveen Shahdara,
_bDelhi
_e110032
_mkeshavbooks30@gmail.com
300 _av274p.
_b20cm(pbk)
_cill
500 _ait Includes Index and Bibliography
942 _2ddc
_cEN
_h920
_mDES